असंतुष्ट / (Record no. 115533)

MARC details
000 -LEADER
fixed length control field 00963nam a22002537a 4500
005 - DATE AND TIME OF LATEST TRANSACTION
control field 20170124103025.0
010 ## - LIBRARY OF CONGRESS CONTROL NUMBER
LC control number A-387967
020 ## - INTERNATIONAL STANDARD BOOK NUMBER
Terms of availability 35.00
035 ## - SYSTEM CONTROL NUMBER
System control number A-387967
037 ## - SOURCE OF ACQUISITION
Source of stock number/acquisition Cen Lib/Ret
040 ## - CATALOGING SOURCE
Original cataloging agency DPL
Language of cataloging HN
082 ## - DEWEY DECIMAL CLASSIFICATION NUMBER
Classification number
Item number शुक्लम
100 ## - MAIN ENTRY--PERSONAL NAME
Personal name शुक्ल, मत्स्येन्द्र
9 (RLIN) 42758
245 ## - TITLE STATEMENT
Title असंतुष्ट /
Statement of responsibility, etc मत्स्येन्द्र शुक्ल
246 ## - VARYING FORM OF TITLE
Title proper/short title Asantusht /
Remainder of title by Matsyendra Shukla
260 ## - PUBLICATION, DISTRIBUTION, ETC. (IMPRINT)
Place of publication, distribution, etc इलाहाबाद
Name of publisher, distributor, etc आचार्य प्रकाशन
Date of publication, distribution, etc 1989
270 ## - ADDRESS
City इलाहाबाद
Address १९० बी/10 राजरूपपुर
300 ## - PHYSICAL DESCRIPTION
Extent 133पृ.
Dimensions 17सेमी(सजिल्द)
650 ## - SUBJECT ADDED ENTRY--TOPICAL TERM
Topical term or geographic name as entry element हिन्दी साहित्य
9 (RLIN) 111990
650 ## - SUBJECT ADDED ENTRY--TOPICAL TERM
Topical term or geographic name as entry element कहानियां
9 (RLIN) 111991
650 ## - SUBJECT ADDED ENTRY--TOPICAL TERM
Topical term or geographic name as entry element Hindi literature
9 (RLIN) 111992
650 ## - SUBJECT ADDED ENTRY--TOPICAL TERM
Topical term or geographic name as entry element Stories
9 (RLIN) 7500
942 ## - ADDED ENTRY ELEMENTS (KOHA)
Source of classification or shelving scheme Dewey Decimal Classification
Koha item type Hindi Books
Classification part
Call number suffix शुक्लम
Holdings
Withdrawn status Lost status Damaged status Not for loan Home library Current library Date acquired Source of acquisition Cost, normal purchase price Total Checkouts Full call number Barcode Date last seen Copy number Cost, replacement price Price effective from Koha item type
        Central Library Central Library 20/08/2015 Cen Lib/Ret 35.00   क शुक्लम A-387967 20/08/2015 1 35.00 20/08/2015 Hindi Books

© Delhi Public Library
Hit Counter
free hit counter